[Event "Piestany Slovakia op-B"]
[Site "Piestany"]
[Date "2024.07.15"]
[Round "7"]
[White "Prakash, Vaishnavi"]
[Black "Filo, David"]
[Result "0-1"]
[WhiteElo "1630"]
[BlackElo "1771"]
[PlyCount "88"]
[EventDate "2024.07.09"]
[EventType "swiss"]
[EventRounds "9"]
[EventCountry "SVK"]
[SourceTitle "EXT 2025"]
[Source "ChessBase"]
[SourceDate "2024.10.14"]
[SourceVersion "1"]
[SourceVersionDate "2024.10.14"]
[SourceQuality "1"]

1. e4 c6 2. d4 d5 3. exd5 cxd5 4. c4 Nf6 5. Nc3 e6 6. c5 Be7 7. Nf3 0-0 8. Bd3 b6 9. b4 a5 10. bxa5 bxc5 11. dxc5 Bxc5 12. 0-0 Nbd7 13. Ne2 e5 14. Bf5 Re8 15. Bd2 Ba6 16. Re1 g6 17. Bxd7 Qxd7 18. Ng3 e4 19. Ng5 h5 20. Be3 Bxe3 21. Rxe3 h4 22. Nf1 Qf5 23. Nh3 Bd3 24. f3 Qe5 25. Nf2 Bxf1 26. Qxf1 d4 27. Rb3 e3 28. Nd3 Qxa5 29. Qe2 Nd5 30. Qb2 Nc3 31. Rb7 Qa3 32. Qc2 Reb8 33. Rc7 Qd6 34. Rc4 h3 35. a4 Qd5 36. Rc7 Qf5 37. Rc5 Qd7 38. a5 Rb5 39. Ne5 Qb7 40. Rxb5 Qxb5 41. Ng4 Rxa5 42. Rxa5 Qxa5 43. gxh3 Qa1+ 44. Kg2 e2 0-1

[Event "Piestany Slovakia op-B"]
[Site "Piestany"]
[Date "2024.07.14"]
[Round "6"]
[White "Filo, David"]
[Black "Rapavy, Marek"]
[Result "0-1"]
[WhiteElo "1771"]
[BlackElo "1409"]
[PlyCount "68"]
[EventDate "2024.07.09"]
[EventType "swiss"]
[EventRounds "9"]
[EventCountry "SVK"]
[SourceTitle "EXT 2025"]
[Source "ChessBase"]
[SourceDate "2024.10.14"]
[SourceVersion "1"]
[SourceVersionDate "2024.10.14"]
[SourceQuality "1"]

1. e4 c6 2. d4 d5 3. Nc3 dxe4 4. Nxe4 Nf6 5. Nxf6+ exf6 6. c3 Bd6 7. Bd3 0-0 8. Qc2 g6 9. Ne2 Re8 10. h4 Nd7 11. h5 Nf8 12. Be3 Bg4 13. hxg6 fxg6 14. 0-0-0 Qa5 15. Kb1 Be6 16. b3 Qc7 17. Qd2 a5 18. Bf4 a4 19. b4 Bd5 20. Bxd6 Qxd6 21. Nf4 Be4 22. f3 Bxd3+ 23. Nxd3 Ne6 24. f4 Ng7 25. Rde1 Nf5 26. g4 Ng3 27. Rhg1 Ne4 28. Qc2 b5 29. Re2 Nxc3+ 30. Qxc3 Rxe2 31. g5 Re3 32. Qc5 Rd8 33. Rd1 fxg5 34. fxg5 Qxd4 0-1

[Event "Piestany Slovakia op-B"]
[Site "Piestany"]
[Date "2024.07.10"]
[Round "2"]
[White "Filo, David"]
[Black "Mantic, Andrej"]
[Result "0-1"]
[WhiteElo "1771"]
[BlackElo "1921"]
[PlyCount "46"]
[EventDate "2024.07.09"]
[EventType "swiss"]
[EventRounds "9"]
[EventCountry "SVK"]
[SourceTitle "EXT 2025"]
[Source "ChessBase"]
[SourceDate "2024.10.14"]
[SourceVersion "1"]
[SourceVersionDate "2024.10.14"]
[SourceQuality "1"]

1. d4 f5 2. c4 e6 3. g3 Nf6 4. Bg2 c6 5. Nf3 d5 6. 0-0 Bd6 7. Nc3 0-0 8. Bf4 Bxf4 9. gxf4 Bd7 10. e3 Be8 11. Ne5 Nbd7 12. Qb3 Rb8 13. Rac1 Kh8 14. Qa3 Bh5 15. cxd5 exd5 16. b4 Nxe5 17. fxe5 Ne4 18. Qb2 f4 19. exf4 Rxf4 20. Nxe4 dxe4 21. Qd2 Qh4 22. Rc3 Bf3 23. Qe3 Qg4 0-1

[Event "SVK-ch U2300"]
[Site "Liptovsky Jan"]
[Date "2024.06.18"]
[Round "8"]
[White "Filo, David"]
[Black "Slivka, Vasil"]
[Result "1/2-1/2"]
[WhiteElo "1766"]
[BlackElo "1703"]
[PlyCount "75"]
[EventDate "2024.06.15"]
[EventType "swiss"]
[EventRounds "8"]
[EventCountry "SVK"]
[SourceTitle "CBM 220 Extra"]
[Source "ChessBase"]
[SourceDate "2024.07.31"]
[SourceVersion "1"]
[SourceVersionDate "2024.07.31"]
[SourceQuality "1"]

1. e4 d5 2. exd5 Qxd5 3. Nc3 Qa5 4. d4 c6 5. Nf3 Bg4 6. h3 Bh5 7. g4 Bg6 8. Bg2 Nd7 9. 0-0 h6 10. Bd2 Qc7 11. Ne2 e6 12. Bf4 Bd6 13. Bxd6 Qxd6 14. c4 Ne7 15. Nc3 0-0 16. Qe2 Rae8 17. Rad1 Qc7 18. Ne5 Nxe5 19. dxe5 Rd8 20. f4 Rxd1 21. Rxd1 Rd8 22. Ne4 Bxe4 23. Bxe4 Rxd1+ 24. Qxd1 Qb6+ 25. Kf1 Ng6 26. Bxg6 fxg6 27. Qd6 Qxb2 28. Qxe6+ Kh7 29. f5 Qc1+ 30. Ke2 Qc2+ 31. Ke3 Qc3+ 32. Ke2 Qc2+ 33. Ke3 Qc3+ 34. Ke4 Qc2+ 35. Kd4 Qf2+ 36. Ke4 Qc2+ 37. Kd4 Qf2+ 38. Ke4 1/2-1/2

[Event "SVK-ch U2300"]
[Site "Liptovsky Jan"]
[Date "2024.06.18"]
[Round "7"]
[White "Foldesi, Marek"]
[Black "Filo, David"]
[Result "1-0"]
[WhiteElo "1942"]
[BlackElo "1766"]
[PlyCount "73"]
[EventDate "2024.06.15"]
[EventType "swiss"]
[EventRounds "8"]
[EventCountry "SVK"]
[SourceTitle "CBM 220 Extra"]
[Source "ChessBase"]
[SourceDate "2024.07.31"]
[SourceVersion "1"]
[SourceVersionDate "2024.07.31"]
[SourceQuality "1"]

1. e4 c6 2. d4 d5 3. exd5 cxd5 4. c3 Nf6 5. h3 Nc6 6. Bd3 g6 7. Nf3 Bf5 8. 0-0 e6 9. Bg5 Be7 10. Re1 h6 11. Bh4 Bxd3 12. Qxd3 0-0 13. Nbd2 Kg7 14. Bg3 Nd7 15. Re2 a6 16. a4 Bf6 17. Ne5 Ndxe5 18. dxe5 Be7 19. Nf3 b5 20. Nd4 Nxd4 21. cxd4 bxa4 22. Rxa4 a5 23. Bf4 Qb6 24. Bd2 Rfc8 25. Bc3 Qb3 26. Qc2 Qb5 27. Re1 Bb4 28. Rea1 Rab8 29. Qd2 Bxc3 30. bxc3 Rc4 31. Rxa5 Qb3 32. R5a3 Qb2 33. Qf4 Qc2 34. Qf6+ Kg8 35. Ra8 Rcc8 36. R1a7 Rb1+ 37. Kh2 1-0

[Event "SVK-ch U2300"]
[Site "Liptovsky Jan"]
[Date "2024.06.17"]
[Round "6"]
[White "Filo, David"]
[Black "Veres, Alex"]
[Result "1-0"]
[WhiteElo "1766"]
[BlackElo "1651"]
[PlyCount "87"]
[EventDate "2024.06.15"]
[EventType "swiss"]
[EventRounds "8"]
[EventCountry "SVK"]
[SourceTitle "CBM 220 Extra"]
[Source "ChessBase"]
[SourceDate "2024.07.31"]
[SourceVersion "1"]
[SourceVersionDate "2024.07.31"]
[SourceQuality "1"]

1. e4 c5 2. Nf3 Nc6 3. d4 cxd4 4. Nxd4 g6 5. Nc3 Bg7 6. Be3 Nf6 7. Be2 Qa5 8. Nb3 Qd8 9. 0-0 0-0 10. f4 d6 11. Qd2 Ng4 12. Bxg4 Bxg4 13. f5 Ne5 14. h3 Bh5 15. g4 Bxg4 16. hxg4 Nxg4 17. Bd4 Bh6 18. Qe2 e5 19. Qxg4 exd4 20. Nd5 Re8 21. Rf3 Kh8 22. Kh1 gxf5 23. Qh5 Rxe4 24. Rh3 Re6 25. Nxd4 Rg6 26. Nf4 Rf6 27. Nd5 Rg6 28. Nxf5 Qg5 29. Qxg5 Rxg5 30. Nxh6 Rxd5 31. Rg1 Rf8 32. Ng4 Rf5 33. Ne3 Re5 34. Nc4 Rd5 35. Rh6 Rg8 36. Rxg8+ Kxg8 37. Rxd6 Rxd6 38. Nxd6 b6 39. Nb5 a5 40. Nd6 Kg7 41. Nc4 Kf6 42. Nxb6 Ke6 43. Kg2 Ke5 44. Nc4+ 1-0

[Event "SVK-ch U2300"]
[Site "Liptovsky Jan"]
[Date "2024.06.16"]
[Round "3"]
[White "Ostruzlik, Marek"]
[Black "Filo, David"]
[Result "1-0"]
[WhiteElo "1991"]
[BlackElo "1766"]
[PlyCount "99"]
[EventDate "2024.06.15"]
[EventType "swiss"]
[EventRounds "8"]
[EventCountry "SVK"]
[SourceTitle "CBM 220 Extra"]
[Source "ChessBase"]
[SourceDate "2024.07.31"]
[SourceVersion "1"]
[SourceVersionDate "2024.07.31"]
[SourceQuality "1"]

1. e4 d6 2. d4 Nf6 3. Bd3 e5 4. c3 Be7 5. h3 0-0 6. Nf3 Nbd7 7. 0-0 c6 8. Re1 b6 9. b3 Bb7 10. Bb2 Qc7 11. c4 c5 12. dxe5 dxe5 13. Nc3 a6 14. Qe2 Rfe8 15. Rad1 g6 16. Bb1 Rad8 17. Nh2 Qb8 18. Nd5 Nxd5 19. cxd5 Bd6 20. Ng4 h5 21. Ne3 Rc8 22. g4 Nf6 23. Kg2 Qc7 24. Qf3 Qe7 25. Nc4 b5 26. Nxd6 Qxd6 27. Qg3 c4 28. Rc1 a5 29. bxc4 bxc4 30. Ba3 Qc7 31. Bc2 c3 32. Re3 a4 33. g5 Nd7 34. Bxa4 Rcd8 35. Rexc3 Qa5 36. Bxd7 Rxd7 37. Rc5 Qa4 38. R1c4 Qd1 39. Bb2 Ba6 40. Rc1 Qe2 41. Ba3 Qxe4+ 42. Qf3 Qxf3+ 43. Kxf3 Bb7 44. Ke4 Ra8 45. Bb4 Rxa2 46. Ke3 Rb2 47. Bc3 Rb3 48. Ke4 Ra3 49. Bxe5 Rxh3 50. Rc8+ 1-0

[Event "SVK-ch U18/20"]
[Site "Tatralandia"]
[Date "2024.04.05"]
[Round "1"]
[White "Stevik, Patrik1"]
[Black "Filo, David"]
[Result "1-0"]
[WhiteElo "2213"]
[BlackElo "1837"]
[PlyCount "71"]
[EventDate "2024.04.05"]
[EventType "swiss"]
[EventRounds "9"]
[EventCountry "SVK"]
[SourceTitle "CBM 219 Extra"]
[Source "ChessBase"]
[SourceDate "2024.05.31"]
[SourceVersion "1"]
[SourceVersionDate "2024.05.31"]
[SourceQuality "1"]

1. d4 d5 2. c4 e6 3. Nc3 Nf6 4. cxd5 exd5 5. Bg5 c6 6. e3 Be7 7. Bd3 0-0 8. Qc2 Nbd7 9. Nge2 Re8 10. 0-0 Nf8 11. f3 g6 12. Rae1 Ne6 13. Bh4 Ng7 14. Bf2 Be6 15. h3 Rc8 16. e4 c5 17. exd5 Nxd5 18. Nxd5 Bxd5 19. dxc5 Be6 20. b4 Bf5 21. Rd1 Bxd3 22. Rxd3 Qc7 23. Rfd1 Rcd8 24. Ng3 Rxd3 25. Rxd3 Rd8 26. Ne4 b6 27. Bg3 Qc8 28. Rxd8+ Qxd8 29. c6 Ne6 30. b5 Nc7 31. Qa4 f5 32. Nc3 Bc5+ 33. Kh2 Bd6 34. f4 Qb8 35. Qc4+ Kg7 36. Qd4+ 1-0

[Event "SVK-chT1E 2223"]
[Site "Slovakia"]
[Date "2024.03.09"]
[Round "10.8"]
[White "Filo, David"]
[Black "Panko, Eduard"]
[Result "1-0"]
[WhiteElo "1799"]
[BlackElo "1940"]
[PlyCount "101"]
[EventDate "2023.10.21"]
[EventType "team-tourn"]
[EventRounds "11"]
[EventCountry "SVK"]
[SourceTitle "EXT 2025"]
[Source "ChessBase"]
[SourceDate "2024.10.14"]
[SourceVersion "1"]
[SourceVersionDate "2024.10.14"]
[SourceQuality "1"]
[WhiteTeam "Liptov Chess School II"]
[BlackTeam "Stropkov/Svidnik"]
[WhiteTeamCountry "SVK"]
[BlackTeamCountry "SVK"]

1. d4 d6 2. c4 Nf6 3. Nc3 c6 4. Nf3 Nbd7 5. e4 e5 6. Be2 Be7 7. 0-0 0-0 8. h3 Re8 9. Re1 Bf8 10. Bf1 Qc7 11. d5 a5 12. a3 b6 13. Rb1 Bb7 14. b4 axb4 15. axb4 Ra7 16. Bb2 Rea8 17. Qb3 h6 18. g3 Qd8 19. Kg2 Be7 20. dxc6 Bxc6 21. Bd3 Nh7 22. Nd5 Bf8 23. Nd2 Ng5 24. Nf1 Ne6 25. Nfe3 Qg5 26. Kh2 h5 27. h4 Qd8 28. Ra1 g6 29. Rxa7 Rxa7 30. Kg2 Qa8 31. Qc3 Ra2 32. Ra1 Qa4 33. Bc2 Qa8 34. Rxa2 Qxa2 35. Bb3 Qa8 36. Nc2 Bg7 37. f3 Kh7 38. Qd3 Qb8 39. Ne7 Bb7 40. Nd5 Qd8 41. Qe3 f5 42. Qf2 fxe4 43. fxe4 Nf6 44. Qe2 Nf8 45. Ne1 Bc8 46. Bc2 Qd7 47. Qf2 Qh3+ 48. Kg1 N8d7 49. Nf3 Qg4 50. Ng5+ Kh8 51. Ne3 1-0

[Event "SVK-chT2C 2324"]
[Site "Slovakia"]
[Date "2023.10.08"]
[Round "2.8"]
[White "Filo, David"]
[Black "Sulgan, Igor"]
[Result "1/2-1/2"]
[WhiteElo "1662"]
[BlackElo "1826"]
[PlyCount "94"]
[EventDate "2023.10.07"]
[EventType "team-tourn"]
[EventRounds "11"]
[EventCountry "SVK"]
[SourceTitle "EXT 2025"]
[Source "ChessBase"]
[SourceDate "2024.10.14"]
[SourceVersion "1"]
[SourceVersionDate "2024.10.14"]
[SourceQuality "1"]
[WhiteTeam "Ondrasova Krivan"]
[BlackTeam "Cadca Caissa II"]
[WhiteTeamCountry "SVK"]
[BlackTeamCountry "SVK"]

1. d4 Nf6 2. c4 b6 3. Nf3 Bb7 4. g3 e6 5. Bg2 Be7 6. 0-0 0-0 7. Nc3 d6 8. Qc2 Nbd7 9. Rd1 c5 10. d5 exd5 11. cxd5 Re8 12. e4 Bf8 13. a4 a6 14. h3 g6 15. g4 h6 16. Bf4 Qc7 17. Re1 Bg7 18. Qd2 Kh7 19. Bg3 Rac8 20. Rac1 Qb8 21. Bf1 Ba8 22. Bxa6 Rcd8 23. Bb5 Re7 24. Bxd7 Nxd7 25. Nb5 Ne5 26. Nxe5 Bxe5 27. Bxe5 Rxe5 28. Qf4 Kg7 29. Qd2 Rde8 30. Nc3 R5e7 31. h4 Qc8 32. Qf4 Qd7 33. Qg3 Bb7 34. f4 Bc8 35. Kf2 Qxg4 36. Qxg4 Bxg4 37. Re3 Bd7 38. Rce1 f6 39. Kf3 h5 40. b3 Kf7 41. Kf2 Rb8 42. e5 fxe5 43. fxe5 dxe5 44. Rxe5 Rbe8 45. Rxe7+ Rxe7 46. Rxe7+ Kxe7 47. Ke3 Kd6 1/2-1/2

[Event "SVK-chT2C 2324"]
[Site "Slovakia"]
[Date "2023.10.07"]
[Round "1.7"]
[White "Filo, David"]
[Black "Masny, Miroslav"]
[Result "1-0"]
[WhiteElo "1662"]
[BlackElo "1794"]
[PlyCount "69"]
[EventDate "2023.10.07"]
[EventType "team-tourn"]
[EventRounds "11"]
[EventCountry "SVK"]
[SourceTitle "EXT 2025"]
[Source "ChessBase"]
[SourceDate "2024.10.14"]
[SourceVersion "1"]
[SourceVersionDate "2024.10.14"]
[SourceQuality "1"]
[WhiteTeam "Ondrasova Krivan"]
[BlackTeam "Zilina DMS"]
[WhiteTeamCountry "SVK"]
[BlackTeamCountry "SVK"]

1. d4 d5 2. c4 e6 3. Nf3 Nf6 4. g3 c6 5. Bg2 Nbd7 6. 0-0 Bd6 7. Qc2 b6 8. Bf4 Bxf4 9. gxf4 g6 10. Nbd2 Bb7 11. e3 c5 12. Rfd1 Qb8 13. Qc3 0-0 14. Ne5 Qc7 15. Nxd7 Nxd7 16. cxd5 exd5 17. dxc5 bxc5 18. b4 Rac8 19. Rac1 Qd6 20. bxc5 Qxc5 21. Qxc5 Nxc5 22. Nb3 Ne4 23. Bxe4 dxe4 24. Nd4 Bd5 25. Rxc8 Rxc8 26. Nf5 gxf5 27. Rxd5 Kg7 28. Rxf5 f6 29. Ra5 Rc7 30. Kg2 Kg6 31. Kg3 f5 32. Kh4 Rc2 33. Ra6+ Kf7 34. Rxa7+ Ke6 35. Kg3 1-0

[Event "SVK-ch Amateurs"]
[Site "Liptovsky Jan"]
[Date "2023.06.18"]
[Round "8"]
[White "Machaj, Szymon"]
[Black "Filo, David"]
[Result "0-1"]
[WhiteElo "1300"]
[BlackElo "1488"]
[PlyCount "121"]
[EventDate "2023.06.15"]
[EventType "swiss"]
[EventRounds "8"]
[EventCountry "SVK"]
[SourceTitle "CBM 214 Extra"]
[Source "ChessBase"]
[SourceDate "2023.07.31"]
[SourceVersion "1"]
[SourceVersionDate "2023.07.31"]
[SourceQuality "1"]

1. e4 c6 2. Nf3 d5 3. Nc3 Bg4 4. h3 Bxf3 5. Qxf3 e6 6. d4 Nf6 7. Bg5 Be7 8. exd5 cxd5 9. Bb5+ Nc6 10. 0-0 0-0 11. Rad1 h6 12. Be3 a6 13. Ba4 b5 14. Bb3 Na5 15. Qg3 Kh7 16. Rfe1 Nc4 17. Bxc4 bxc4 18. b3 cxb3 19. cxb3 Bb4 20. Bd2 Bxc3 21. Bxc3 Ne4 22. Qd3 Kg8 23. Re3 Nxc3 24. Qxc3 Rc8 25. Qd3 Qb6 26. Rg3 Qb5 27. Qe3 Kh7 28. Qe5 g6 29. h4 Qb8 30. Qf6 Qd6 31. h5 g5 32. Re1 Qf4 33. Qxf4 gxf4 34. Rf3 Rc2 35. Rxf4 Kg7 36. Re3 Rxa2 37. Rc3 f5 38. Rc6 Kf6 39. Kh2 Rg8 40. Rf3 Rg4 41. Rc7 Rxd4 42. Rh7 Kg5 43. Re7 Re4 44. Re3 Re2 45. Rxe4 Rxe4 46. Ra7 Kxh5 47. Rxa6 Kg5 48. Ra4 Re2 49. f3 e5 50. b4 d4 51. Ra5 Kf4 52. b5 Rb2 53. Ra3 e4 54. Ra4 d3 55. Kg1 Ke3 56. Ra1 Ke2 57. g4 exf3 58. gxf5 Rxb5 59. Ra2+ d2 60. Kh2 f2 61. f6 0-1

[Event "SVK-ch Amateurs"]
[Site "Liptovsky Jan"]
[Date "2023.06.16"]
[Round "4"]
[White "Filo, David"]
[Black "Haasova, Nina"]
[Result "1-0"]
[WhiteElo "1488"]
[BlackElo "1114"]
[PlyCount "105"]
[EventDate "2023.06.15"]
[EventType "swiss"]
[EventRounds "8"]
[EventCountry "SVK"]
[SourceTitle "CBM 214 Extra"]
[Source "ChessBase"]
[SourceDate "2023.07.31"]
[SourceVersion "1"]
[SourceVersionDate "2023.07.31"]
[SourceQuality "1"]

1. d4 e6 2. c4 d5 3. Nc3 c6 4. Nf3 Nf6 5. e3 Bd6 6. Qc2 Nbd7 7. Bd3 dxc4 8. Bxc4 0-0 9. 0-0 Nb6 10. Bd3 h6 11. b3 Qe7 12. Bb2 Re8 13. Rfd1 Qc7 14. h3 a6 15. Rac1 Nbd7 16. a3 b5 17. Ne4 Bb7 18. Nxd6 Qxd6 19. b4 Rac8 20. Ne5 Qc7 21. Nf3 Red8 22. Be2 Nb8 23. Ne1 a5 24. Nd3 axb4 25. axb4 Qe7 26. Nc5 Na6 27. Qb3 Nxc5 28. dxc5 Ne4 29. g3 Rxd1+ 30. Rxd1 Rd8 31. Bf3 Nf6 32. Be5 Rxd1+ 33. Qxd1 Ne8 34. Kf1 Nc7 35. Bd6 Qd7 36. Qa1 Ne8 37. Qa7 Nxd6 38. cxd6 Bc8 39. Qc7 Qxc7 40. dxc7 Bb7 41. Bxc6 Bc8 42. Bxb5 Kf8 43. Ke2 Ke7 44. Kd3 Kd6 45. Be8 f5 46. Kd4 Kxc7 47. Ke5 Kd8 48. Bf7 Ke7 49. Bg8 Bd7 50. h4 Bc8 51. b5 Bd7 52. b6 Bc8 53. Bxe6 1-0

[Event "SVK-ch U16"]
[Site "Dudince"]
[Date "2023.04.20"]
[Round "6"]
[White "Filo, David"]
[Black "Jurky, Marian"]
[Result "0-1"]
[WhiteElo "1540"]
[BlackElo "1760"]
[PlyCount "134"]
[EventDate "2023.04.16"]
[EventType "swiss"]
[EventRounds "9"]
[EventCountry "SVK"]
[SourceTitle "CBM 213 Extra"]
[Source "ChessBase"]
[SourceDate "2023.05.31"]
[SourceVersion "1"]
[SourceVersionDate "2023.05.31"]
[SourceQuality "1"]

1. Nf3 Nf6 2. d4 d6 3. c4 g6 4. Nc3 Bg7 5. e4 0-0 6. Be2 e5 7. 0-0 a5 8. d5 Na6 9. Ne1 Nc5 10. f3 Nh5 11. Be3 b6 12. b3 f5 13. a3 f4 14. Bf2 Bf6 15. Kh1 Bh4 16. Nd3 Nxd3 17. Qxd3 Bxf2 18. Rxf2 Qh4 19. Kg1 Bd7 20. Bf1 g5 21. Rfa2 g4 22. b4 gxf3 23. Qxf3 Kh8 24. Qf2 Qg5 25. Be2 Rg8 26. Bf3 Bg4 27. c5 bxc5 28. bxc5 Bxf3 29. Qxf3 Rab8 30. Rb1 Rxb1+ 31. Nxb1 Rb8 32. Ra1 Nf6 33. Nd2 Qg6 34. cxd6 cxd6 35. Rc1 Ng4 36. Nf1 Nf6 37. Rc4 Nd7 38. Qc3 Nc5 39. Rxc5 Rg8 40. Qf3 dxc5 41. Nd2 Qg4 42. Kf2 Qxf3+ 43. Kxf3 Kg7 44. Nc4 Kf6 45. Nxa5 Ra8 46. Nc4 Ra4 47. Nb6 Rxa3+ 48. Kg4 Re3 49. Nd7+ Ke7 50. Nxc5 Kd6 51. Ne6 Rxe4 52. Ng5 Kxd5 53. Nxh7 Re2 54. Kf3 Re3+ 55. Kg4 Kd4 56. Ng5 Rc3 57. Nf3+ Ke4 58. Ng5+ Ke3 59. h4 Rc4 60. Kf5 e4 61. h5 Rc8 62. h6 Rf8+ 63. Kg4 Rh8 64. h7 Rxh7 65. Nxh7 f3 66. gxf3 exf3 67. Kg3 f2 0-1

[Event "SVK-ch U16"]
[Site "Dudince"]
[Date "2023.04.17"]
[Round "3"]
[White "Cizmar, Tomas"]
[Black "Filo, David"]
[Result "1/2-1/2"]
[WhiteElo "1470"]
[BlackElo "1540"]
[PlyCount "94"]
[EventDate "2023.04.16"]
[EventType "swiss"]
[EventRounds "9"]
[EventCountry "SVK"]
[SourceTitle "CBM 213 Extra"]
[Source "ChessBase"]
[SourceDate "2023.05.31"]
[SourceVersion "1"]
[SourceVersionDate "2023.05.31"]
[SourceQuality "1"]

1. e4 d5 2. d4 c6 3. exd5 cxd5 4. c3 Nc6 5. Bf4 e6 6. Bd3 Nf6 7. Nf3 Be7 8. 0-0 0-0 9. Re1 Bd7 10. Ne5 a6 11. Nd2 Nxe5 12. dxe5 Ne8 13. Re3 g6 14. Rh3 Bb5 15. Bc2 Ng7 16. a4 Bc6 17. Nf1 Qc7 18. Qd2 Rfd8 19. Re1 d4 20. cxd4 Qd7 21. Rd1 h5 22. b3 b5 23. Rd3 Bd5 24. Ne3 Rac8 25. Nxd5 Qxd5 26. Bb1 b4 27. Bg5 Bxg5 28. Qxg5 Rd7 29. Rc1 Rdc7 30. Rxc7 Rxc7 31. Qd2 a5 32. f3 Qc6 33. Kf1 Qc1+ 34. Qd1 Qf4 35. g3 Qc1 36. Ke2 Kf8 37. Qxc1 Rxc1 38. Rd1 Rc3 39. Rd3 Rc1 40. Rd1 Rc3 41. Ba2 Ke7 42. f4 Nf5 43. Rd3 Rc2+ 44. Rd2 Rc3 45. d5 exd5 46. Rxd5 Rc2+ 47. Rd2 Rc3 1/2-1/2

[Event "SVK-ch U16"]
[Site "Dudince"]
[Date "2023.04.17"]
[Round "2"]
[White "Filo, David"]
[Black "Slivinsky, Maxim"]
[Result "1/2-1/2"]
[WhiteElo "1540"]
[BlackElo "1320"]
[PlyCount "44"]
[EventDate "2023.04.16"]
[EventType "swiss"]
[EventRounds "9"]
[EventCountry "SVK"]
[SourceTitle "CBM 213 Extra"]
[Source "ChessBase"]
[SourceDate "2023.05.31"]
[SourceVersion "1"]
[SourceVersionDate "2023.05.31"]
[SourceQuality "1"]

1. d4 Nf6 2. c4 e6 3. Nf3 d5 4. Nc3 Nc6 5. Bg5 Be7 6. e3 0-0 7. cxd5 exd5 8. Be2 Ne4 9. Bxe7 Nxe7 10. 0-0 Ng6 11. Rc1 c6 12. Nxe4 dxe4 13. Nd2 Re8 14. b4 Bd7 15. Qb3 b5 16. Qb2 Qe7 17. a3 a5 18. Rc5 axb4 19. axb4 Rec8 20. Nb3 f6 21. Na5 f5 22. Rfc1 Qg5 1/2-1/2

[Event "SVK-ch U16"]
[Site "Dudince"]
[Date "2023.04.16"]
[Round "1"]
[White "Rakovsky, Jakub"]
[Black "Filo, David"]
[Result "1-0"]
[WhiteElo "2016"]
[BlackElo "1540"]
[PlyCount "83"]
[EventDate "2023.04.16"]
[EventType "swiss"]
[EventRounds "9"]
[EventCountry "SVK"]
[SourceTitle "CBM 213 Extra"]
[Source "ChessBase"]
[SourceDate "2023.05.31"]
[SourceVersion "1"]
[SourceVersionDate "2023.05.31"]
[SourceQuality "1"]

1. e4 c6 2. d4 d5 3. e5 Bf5 4. h4 h5 5. c4 dxc4 6. Bxc4 e6 7. Nc3 Nd7 8. Nge2 Nb6 9. Bd3 Bxd3 10. Qxd3 Ne7 11. Bg5 Qc7 12. Rc1 Ned5 13. 0-0 Be7 14. Ng3 Rd8 15. Nb5 Qb8 16. Nd6+ Rxd6 17. exd6 Bxd6 18. Ne4 Bh2+ 19. Kh1 Bf4 20. Bxf4 Nxf4 21. Qa3 Kd7 22. g3 Nfd5 23. Rfe1 Rd8 24. Qf3 Ke7 25. Qxh5 Nf6 26. Qc5+ Ke8 27. Nxf6+ gxf6 28. Re4 f5 29. Qxf5 Qd6 30. Rce1 Qd5 31. Qxd5 Rxd5 32. b3 Nd7 33. Rf4 Ra5 34. Re2 Ke7 35. g4 Nf6 36. Kg2 Nd5 37. Rf3 Nb4 38. a4 b5 39. h5 Nd5 40. g5 bxa4 41. h6 Nc7 42. Re5 1-0

[Event "SVK-chT2C 2223"]
[Site "Slovakia"]
[Date "2023.02.11"]
[Round "8.8"]
[White "Franek, Martin"]
[Black "Filo, David"]
[Result "1-0"]
[WhiteElo "1584"]
[BlackElo "1487"]
[PlyCount "63"]
[EventDate "2022.10.08"]
[EventType "team-tourn"]
[EventRounds "11"]
[EventCountry "SVK"]
[SourceTitle "EXT 2024"]
[Source "ChessBase"]
[SourceDate "2023.10.10"]
[SourceVersion "1"]
[SourceVersionDate "2023.10.10"]
[SourceQuality "1"]
[WhiteTeam "Zilina Mladost III"]
[BlackTeam "Ondrasova Krivan"]
[WhiteTeamCountry "SVK"]
[BlackTeamCountry "SVK"]

1. e4 c6 2. d4 d5 3. f3 g6 4. Nc3 Bg7 5. Bf4 Nf6 6. e5 Nfd7 7. Bg3 0-0 8. f4 e6 9. Nf3 a6 10. Bd3 c5 11. 0-0 Nc6 12. Ne2 b5 13. dxc5 Nxc5 14. Ned4 Nxd4 15. Nxd4 Nxd3 16. Qxd3 Bb7 17. a4 b4 18. a5 Qc7 19. Be1 Qc4 20. Ra4 Rab8 21. Rxb4 Qxd3 22. cxd3 Ba8 23. Rf2 Rfc8 24. Rxb8 Rxb8 25. Rc2 g5 26. g3 gxf4 27. gxf4 Bh6 28. Bd2 Bb7 29. Rc7 Kg7 30. b4 Bc8 31. Nc6 Ra8 32. Ne7 1-0

[Event "SVK-chT2C 2223"]
[Site "Slovakia"]
[Date "2022.10.08"]
[Round "1.7"]
[White "Ostrihon, Adam"]
[Black "Filo, David"]
[Result "0-1"]
[WhiteElo "1606"]
[BlackElo "1487"]
[PlyCount "52"]
[EventDate "2022.10.08"]
[EventType "team-tourn"]
[EventRounds "11"]
[EventCountry "SVK"]
[SourceTitle "CBM 210 Extra"]
[Source "ChessBase"]
[SourceDate "2022.11.30"]
[SourceVersion "1"]
[SourceVersionDate "2022.11.30"]
[SourceQuality "1"]
[WhiteTeam "Detva"]
[BlackTeam "Ondrasova Krivan"]
[WhiteTeamCountry "SVK"]
[BlackTeamCountry "SVK"]

1. e4 c6 2. d4 d5 3. e5 Bf5 4. Bd3 Bxd3 5. Qxd3 e6 6. Nf3 c5 7. c3 Ne7 8. Bg5 h6 9. Bxe7 Bxe7 10. 0-0 0-0 11. Nbd2 Nc6 12. dxc5 Bxc5 13. Nb3 Bb6 14. Nbd4 Bxd4 15. cxd4 Qb6 16. Qd2 Rac8 17. Rac1 Rc7 18. b4 Rfc8 19. a3 Nxd4 20. Nxd4 Rxc1 21. Rxc1 Rxc1+ 22. Qxc1 Qxd4 23. h3 Qxe5 24. Qc8+ Kh7 25. Qxb7 Qa1+ 26. Kh2 Qxa3 0-1

[Event "SVK-ch U16"]
[Site "Stara Lubovna"]
[Date "2022.05.24"]
[Round "5"]
[White "Vojtas, Marek"]
[Black "Filo, David"]
[Result "1-0"]
[WhiteElo "1000"]
[BlackElo "1653"]
[PlyCount "51"]
[EventDate "2022.05.21"]
[EventType "swiss"]
[EventRounds "9"]
[EventCountry "SVK"]
[SourceTitle "CBM 208 Extra"]
[Source "ChessBase"]
[SourceDate "2022.07.31"]
[SourceVersion "1"]
[SourceVersionDate "2022.07.31"]
[SourceQuality "1"]

1. e4 c6 2. d4 d5 3. exd5 cxd5 4. Bd3 Nc6 5. c3 Nf6 6. Nf3 Bg4 7. 0-0 e6 8. h3 Bxf3 9. Qxf3 Bd6 10. Re1 Qb6 11. Nd2 0-0 12. Nb3 Na5 13. Nxa5 Qxa5 14. Bg5 Be7 15. Re5 Qc7 16. h4 Bd6 17. Bxf6 Bxe5 18. Bxe5 Qe7 19. Qg3 f6 20. Bd6 Qf7 21. Bxf8 Rxf8 22. c4 Qd7 23. h5 Kh8 24. Rc1 dxc4 25. Rxc4 Rf7 26. Qb8+ 1-0